[Event "V4 OPEN - International Championship of Slovakia 2
[Site "Banska Stiavnica"]
[Date "2013.07.08"]
[Round "3"]
[Board "4"]
[White "Likavsky, Tomas"]
[Black "Petras, Marian"]
[Result "1-0"]
[WhiteElo "2458"]
[BlackElo "1954"]
[PlyCount "0"]
[EventDate "2013.07.06"]
[EventRounds "9"]
[EventCountry "SVK"]

1. d4 {[%clk 1:29:37]} d5 {[%clk 1:30:41]} 2. c4 {[%clk 1:29:48]} c6
{[%clk 1:31:01]} 3. Nf3 {[%clk 1:30:11]} Nf6 {[%clk 1:31:22]} 4. e3
{[%clk 1:30:35]} Bf5 {[%clk 1:31:09]} 5. Nc3 {[%clk 1:30:50]} h6 {[%clk 1:30:54]}
6. cxd5 {[%clk 1:27:07]} Nxd5 {[%clk 1:29:11]} 7. Bc4 {[%clk 1:20:16]} e6
{[%clk 1:25:26]} 8. O-O {[%clk 1:16:22]} Bd6 {[%clk 1:20:28]} 9. Qb3
{[%clk 1:08:21]} Qb6 {[%clk 1:13:42]} 10. e4 {[%clk 0:56:16]} Qxb3
{[%clk 1:09:34]} 11. axb3 {[%clk 0:56:02]} Nxc3 {[%clk 1:09:57]} 12. exf5
{[%clk 0:56:27]} Nd5 {[%clk 1:10:19]} 13. Re1 {[%clk 0:56:38]} Ke7
{[%clk 1:07:34]} 14. Nh4 {[%clk 0:44:36]} Kf6 {[%clk 1:06:25]} 15. fxe6
{[%clk 0:44:59]} fxe6 {[%clk 1:06:44]} 16. Bd2 {[%clk 0:43:36]} Nd7
{[%clk 1:00:43]} 17. Nf3 {[%clk 0:43:28]} Rhe8 {[%clk 0:59:35]} 18. Re4
{[%clk 0:40:51]} Kf7 {[%clk 0:52:35]} 19. Rae1 {[%clk 0:39:00]} N7f6
{[%clk 0:52:19]} 20. R4e2 {[%clk 0:38:53]} Nd7 {[%clk 0:49:06]} 21. g3
{[%clk 0:38:50]} a5 {[%clk 0:49:00]} 22. Ra1 {[%clk 0:34:10]} Bb4
{[%clk 0:46:22]} 23. Bc1 {[%clk 0:30:25]} Ra7 {[%clk 0:44:03]} 24. Ne1
{[%clk 0:27:09]} Rea8 {[%clk 0:42:49]} 25. Nd3 {[%clk 0:23:33]} Bd6
{[%clk 0:42:29]} 26. Bd2 {[%clk 0:23:20]} b5 {[%clk 0:38:36]} 27. Bxd5
{[%clk 0:23:02]} cxd5 {[%clk 0:39:01]} 28. Rae1 {[%clk 0:19:10]} Re8
{[%clk 0:35:44]} 29. Bf4 {[%clk 0:18:40]} Bf8 {[%clk 0:35:28]} 30. Rc2
{[%clk 0:18:20]} g5 {[%clk 0:33:36]} 31. Ne5+ {[%clk 0:16:57]} Nxe5
{[%clk 0:32:11]} 32. Bxe5 {[%clk 0:17:25]} a4 {[%clk 0:31:44]} 33. Re3
{[%clk 0:16:55]} Be7 {[%clk 0:27:22]} 34. Rf3+ {[%clk 0:15:53]} Kg6
{[%clk 0:27:46]} 35. Rc6 {[%clk 0:16:10]} Bd8 {[%clk 0:26:42]} 36. bxa4
{[%clk 0:11:35]} bxa4 {[%clk 0:24:45]} 37. Rc8 {[%clk 0:11:43]} Rb7
{[%clk 0:21:31]} 38. g4 {[%clk 0:10:28]} Rxb2 {[%clk 0:17:26]} 39. Kg2
{[%clk 0:07:19]} Rb3 {[%clk 0:16:43]} 40. Rxb3 {[%clk 0:06:09]} axb3
{[%clk 0:17:10]} 41. Rb8 {[%clk 0:06:34]} b2 {[%clk 0:17:32]} 42. Rxb2
{[%clk 0:06:50]} Bf6 {[%clk 0:17:58]} 43. Rb6 {[%clk 0:01:22]} Re7
{[%clk 0:15:35]} 44. Kg3 {[%clk 0:30:59]} Kf7 {[%clk 0:46:13]} 45. Bxf6
{[%clk 0:21:36]} Kxf6 {[%clk 0:46:37]} 46. f4 {[%clk 0:21:44]} Ra7
{[%clk 0:38:55]} 47. f5 {[%clk 0:22:07]} Re7 {[%clk 0:39:23]} 48. Rd6
{[%clk 0:21:19]} h5 {[%clk 0:37:00]} 49. fxe6 {[%clk 0:21:28]} h4+
{[%clk 0:37:06]} 50. Kf3 {[%clk 0:21:11]} Rxe6 {[%clk 0:37:29]} 51. Rxd5
{[%clk 0:21:36]} Ra6 {[%clk 0:37:55]} 52. Rf5+ {[%clk 0:19:43]} Kg6
{[%clk 0:38:20]} 53. Ke4 {[%clk 0:17:16]} Ra2 {[%clk 0:38:36]} 54. h3
{[%clk 0:17:20]} Re2+ {[%clk 0:38:51]} 55. Kd3 {[%clk 0:17:41]} Re1
{[%clk 0:39:08]} 56. Rf3 {[%clk 0:14:13]} Ra1 {[%clk 0:39:07]} 57. Kc4
{[%clk 0:12:28]} Rg1 {[%clk 0:38:52]} 58. Kd5 {[%clk 0:12:45]} Rg3
{[%clk 0:39:04]} 59. Ke4 {[%clk 0:13:09]} Rg1 {[%clk 0:39:29]} 60. d5
{[%clk 0:13:13]} Ra1 {[%clk 0:39:06]} 61. d6 {[%clk 0:12:33]} Re1+
{[%clk 0:37:20]} 62. Re3 {[%clk 0:12:57]} Rd1 {[%clk 0:37:45]} 63. Rd3
{[%clk 0:13:17]} Re1+ {[%clk 0:38:08]} 64. Kf3 {[%clk 0:12:09]} Rf1+
{[%clk 0:37:49]} 65. Ke2 {[%clk 0:11:35]} Rf8 {[%clk 0:38:14]} 66. d7
{[%clk 0:11:45]} Rd8 {[%clk 0:38:41]} 67. Ke3 {[%clk 0:12:00]} Kf6
{[%clk 0:38:37]} 68. Ke4 {[%clk 0:12:23]} Ke6 {[%clk 0:39:02]} 69. Rd2
{[%clk 0:12:33]} Kf6 {[%clk 0:39:24]} 70. Rd6+ {[%clk 0:12:53]} Ke7
{[%clk 0:39:47]} 71. Ke5 {[%clk 0:13:18]} 1-0

[Event "V4 OPEN - International Championship of Slovakia 2
[Site "Banska Stiavnica"]
[Date "2013.07.08"]
[Round "3"]
[Board "5"]
[White "Sepesi, Samuel"]
[Black "Nagy, Gabor"]
[Result "0-1"]
[WhiteElo "1954"]
[BlackElo "2449"]
[PlyCount "0"]
[EventDate "2013.07.06"]
[EventRounds "9"]
[EventCountry "SVK"]

1. e4 {[%clk 1:30:57]} e5 {[%clk 1:30:51]} 2. Nf3 {[%clk 1:31:22]} Nc6
{[%clk 1:31:14]} 3. Bc4 {[%clk 1:31:17]} Nf6 {[%clk 1:29:49]} 4. Ng5
{[%clk 1:31:35]} d5 {[%clk 1:30:12]} 5. exd5 {[%clk 1:32:00]} b5 {[%clk 1:30:17]}
6. Bf1 {[%clk 1:30:52]} Nd4 {[%clk 1:30:23]} 7. c3 {[%clk 1:23:36]} Nxd5
{[%clk 1:30:22]} 8. Nxf7 {[%clk 1:11:20]} Kxf7 {[%clk 1:28:56]} 9. cxd4
{[%clk 1:11:40]} Nf4 {[%clk 1:17:04]} 10. Qf3 {[%clk 0:54:01]} Qxd4
{[%clk 1:10:52]} 11. g3 {[%clk 0:33:30]} Bg4 {[%clk 1:08:59]} 12. Qe3
{[%clk 0:27:57]} Re8 {[%clk 1:07:28]} 13. Nc3 {[%clk 0:23:02]} Bc5
{[%clk 1:01:06]} 14. Ne4 {[%clk 0:10:17]} Nd5 {[%clk 0:56:41]} 15. Qxd4
{[%clk 0:08:44]} exd4 {[%clk 0:57:04]} 16. Bg2 {[%clk 0:09:01]} Bb6
{[%clk 0:53:24]} 17. O-O {[%clk 0:08:09]} d3 {[%clk 0:52:42]} 18. Nd6+
{[%clk 0:05:45]} cxd6 {[%clk 0:53:07]} 19. Bxd5+ {[%clk 0:06:08]} Kg6
{[%clk 0:53:16]} 20. b4 {[%clk 0:02:57]} Rhf8 {[%clk 0:53:01]} 21. Bb2
{[%clk 0:03:03]} Rf5 {[%clk 0:51:58]} 22. Bg2 {[%clk 0:01:02]} Be2
{[%clk 0:52:07]} 23. Bc3 {[%clk 0:00:40]} Bxf1 {[%clk 0:52:26]} 24. Rxf1
{[%clk 0:01:00]} Rxf2 {[%clk 0:52:00]} 25. Rxf2 {[%clk 0:01:03]} Re2
{[%clk 0:52:23]} 26. Be4+ {[%clk 0:00:41]} Rxe4 {[%clk 0:52:43]} 27. Kf1
{[%clk 0:01:08]} Bxf2 {[%clk 0:52:55]} 28. Kxf2 {[%clk 0:01:33]} d5
{[%clk 0:52:06]} 29. Kf3 {[%clk 0:01:01]} Re2 {[%clk 0:52:14]} 30. h4
{[%clk 0:01:16]} h5 {[%clk 0:52:34]} 31. a3 {[%clk 0:01:28]} a6 {[%clk 0:52:43]}
32. Kf4 {[%clk 0:00:56]} Kf7 {[%clk 0:53:02]} 33. Kf3 {[%clk 0:00:56]} g6
{[%clk 0:53:25]} 34. Bd4 {[%clk 0:00:46]} Rxd2 {[%clk 0:53:21]} 35. Ke3
{[%clk 0:00:58]} Rd1 {[%clk 0:53:38]} 36. Bc3 {[%clk 0:00:43]} Ke6
{[%clk 0:54:03]} 37. Bd4 {[%clk 0:01:04]} Kf5 {[%clk 0:54:25]} 38. Bc3
{[%clk 0:01:21]} Kg4 {[%clk 0:54:50]} 39. Kf2 {[%clk 0:01:37]} Rc1
{[%clk 0:54:39]} 40. Bd2 {[%clk 0:01:52]} Rc2 {[%clk 0:55:01]} 0-1

[Event "V4 OPEN - International Championship of Slovakia 2
[Site "Banska Stiavnica"]
[Date "2013.07.08"]
[Round "3"]
[Board "6"]
[White "Bokros, Albert"]
[Black "Istok, Vojtech"]
[Result "1-0"]
[WhiteElo "2439"]
[BlackElo "1952"]
[PlyCount "0"]
[EventDate "2013.07.06"]
[EventRounds "9"]
[EventCountry "SVK"]

1. e4 {[%clk 1:30:57]} c6 {[%clk 1:29:43]} 2. d4 {[%clk 1:30:45]} d5
{[%clk 1:30:04]} 3. e5 {[%clk 1:30:16]} Bf5 {[%clk 1:30:23]} 4. Nc3
{[%clk 1:30:15]} e6 {[%clk 1:30:39]} 5. g4 {[%clk 1:30:40]} Bg6 {[%clk 1:31:05]}
6. Nge2 {[%clk 1:31:03]} c5 {[%clk 1:31:32]} 7. h4 {[%clk 1:31:19]} cxd4
{[%clk 1:31:59]} 8. Nxd4 {[%clk 1:31:03]} h5 {[%clk 1:31:13]} 9. Bb5+
{[%clk 1:23:01]} Nd7 {[%clk 1:28:22]} 10. Bg5 {[%clk 1:23:24]} Qc7
{[%clk 1:27:16]} 11. f4 {[%clk 1:19:36]} Bc5 {[%clk 1:03:52]} 12. Qd2
{[%clk 1:10:42]} hxg4 {[%clk 0:53:28]} 13. O-O-O {[%clk 1:07:30]} Ne7
{[%clk 0:31:33]} 14. h5 {[%clk 0:59:20]} Bxh5 {[%clk 0:27:43]} 15. f5
{[%clk 0:55:06]} Bxd4 {[%clk 0:25:40]} 16. fxe6 {[%clk 0:52:51]} fxe6
{[%clk 0:26:06]} 17. Qxd4 {[%clk 0:50:58]} a6 {[%clk 0:23:30]} 18. Qb4
{[%clk 0:31:08]} Nf5 {[%clk 0:20:07]} 19. Bd3 {[%clk 0:24:56]} Nb6
{[%clk 0:10:42]} 20. Bxf5 {[%clk 0:24:09]} exf5 {[%clk 0:11:09]} 21. Be3
{[%clk 0:23:58]} Nc4 {[%clk 0:01:51]} 22. Nxd5 {[%clk 0:23:57]} Qxe5
{[%clk 0:02:08]} 23. Qxc4 {[%clk 0:23:38]} b5 {[%clk 0:01:19]} 24. Nc7+
{[%clk 0:21:41]} Ke7 {[%clk 0:00:31]} 25. Qb4+ {[%clk 0:16:13]} Kf7
{[%clk 0:00:32]} 26. Rd7+ {[%clk 0:15:34]} Kg6 {[%clk 0:00:49]} 27. Bf4
{[%clk 0:14:18]} Qe2 {[%clk 0:00:31]} 28. Qd6+ {[%clk 0:14:08]} Kh7
{[%clk 0:00:33]} 29. Qh6+ {[%clk 0:14:03]} 1-0

[Event "V4 OPEN - International Championship of Slovakia 2
[Site "Banska Stiavnica"]
[Date "2013.07.08"]
[Round "3"]
[Board "7"]
[White "Manik, Mikulas"]
[Black "Chovan, Milan"]
[Result "1-0"]
[WhiteElo "2412"]
[BlackElo "1890"]
[PlyCount "0"]
[EventDate "2013.07.06"]
[EventRounds "9"]
[EventCountry "SVK"]

1. e4 {[%clk 1:30:58]} e5 {[%clk 1:30:50]} 2. Nf3 {[%clk 1:31:20]} Nc6
{[%clk 1:30:50]} 3. Bb5 {[%clk 1:31:41]} a6 {[%clk 1:31:06]} 4. Ba4
{[%clk 1:32:04]} Nf6 {[%clk 1:31:29]} 5. O-O {[%clk 1:32:26]} Be7
{[%clk 1:31:53]} 6. Re1 {[%clk 1:32:42]} b5 {[%clk 1:32:16]} 7. Bb3
{[%clk 1:33:08]} O-O {[%clk 1:32:26]} 8. h3 {[%clk 1:33:24]} d6 {[%clk 1:32:46]}
9. c3 {[%clk 1:33:42]} Re8 {[%clk 1:33:04]} 10. d4 {[%clk 1:32:00]} Bb7
{[%clk 1:33:09]} 11. Nbd2 {[%clk 1:31:48]} Bf8 {[%clk 1:33:27]} 12. a3
{[%clk 1:32:05]} h6 {[%clk 1:27:52]} 13. Bc2 {[%clk 1:28:50]} Nb8
{[%clk 1:25:35]} 14. b4 {[%clk 1:23:54]} Nbd7 {[%clk 1:23:06]} 15. Bb2
{[%clk 1:23:37]} g6 {[%clk 1:20:48]} 16. Qb1 {[%clk 1:11:02]} Bg7
{[%clk 1:10:47]} 17. dxe5 {[%clk 1:05:13]} dxe5 {[%clk 1:09:16]} 18. c4
{[%clk 1:03:55]} c5 {[%clk 0:51:51]} 19. Bd3 {[%clk 0:45:58]} Bc6
{[%clk 0:41:36]} 20. Nb3 {[%clk 0:43:33]} bxc4 {[%clk 0:32:29]} 21. Bxc4
{[%clk 0:43:52]} cxb4 {[%clk 0:32:34]} 22. axb4 {[%clk 0:43:11]} Bb5
{[%clk 0:32:57]} 23. Na5 {[%clk 0:40:04]} Qe7 {[%clk 0:24:08]} 24. Bxb5
{[%clk 0:37:55]} axb5 {[%clk 0:23:28]} 25. Nc6 {[%clk 0:36:21]} Qd6
{[%clk 0:23:29]} 26. Ncxe5 {[%clk 0:34:20]} Rxa1 {[%clk 0:22:58]} 27. Qxa1
{[%clk 0:34:03]} Nxe5 {[%clk 0:18:29]} 28. Bxe5 {[%clk 0:34:14]} Qc6
{[%clk 0:18:40]} 29. Rd1 {[%clk 0:25:54]} Rc8 {[%clk 0:14:59]} 30. Qb2
{[%clk 0:16:42]} Kh7 {[%clk 0:11:44]} 31. Re1 {[%clk 0:15:13]} Qe6
{[%clk 0:08:23]} 32. g3 {[%clk 0:10:31]} Rc4 {[%clk 0:07:07]} 33. Nd2
{[%clk 0:08:10]} Rc6 {[%clk 0:06:58]} 34. Kg2 {[%clk 0:08:11]} Qc8
{[%clk 0:06:47]} 35. Qd4 {[%clk 0:05:47]} Qe6 {[%clk 0:05:31]} 36. Qb2
{[%clk 0:05:30]} Qc8 {[%clk 0:05:00]} 37. Nf3 {[%clk 0:04:47]} Rc2
{[%clk 0:05:01]} 38. Qd4 {[%clk 0:03:36]} Rc4 {[%clk 0:03:50]} 39. Qa1
{[%clk 0:02:38]} Qe6 {[%clk 0:03:06]} 40. Bc3 {[%clk 0:02:52]} Qb6
{[%clk 0:01:00]} 41. Bd4 {[%clk 0:00:59]} Qe6 {[%clk 0:30:59]} 42. Qb2
{[%clk 0:22:15]} Qe7 {[%clk 0:26:36]} 43. Rb1 {[%clk 0:17:55]} Kg8
{[%clk 0:18:06]} 44. Nd2 {[%clk 0:18:03]} Rc6 {[%clk 0:17:17]} 45. Ra1
{[%clk 0:14:26]} Rc8 {[%clk 0:11:32]} 46. Ra7 {[%clk 0:13:50]} Qe6
{[%clk 0:11:42]} 47. Nf3 {[%clk 0:14:00]} Qc6 {[%clk 0:09:42]} 48. Rxf7
{[%clk 0:14:00]} Kxf7 {[%clk 0:08:55]} 49. Ne5+ {[%clk 0:14:22]} Kg8
{[%clk 0:09:23]} 50. Nxc6 {[%clk 0:14:44]} Rxc6 {[%clk 0:09:52]} 51. Qa2+
{[%clk 0:13:55]} Kh7 {[%clk 0:10:07]} 52. Qf7 {[%clk 0:14:03]} Ra6
{[%clk 0:10:19]} 53. e5 {[%clk 0:13:56]} 1-0

[Event "V4 OPEN - International Championship of Slovakia 2
[Site "Banska Stiavnica"]
[Date "2013.07.08"]
[Round "3"]
[Board "9"]
[White "Kula, Dominik"]
[Black "Macak, Stefan"]
[Result "0-1"]
[WhiteElo "1906"]
[BlackElo "2374"]
[PlyCount "0"]
[EventDate "2013.07.06"]
[EventRounds "9"]
[EventCountry "SVK"]

1. e4 {[%clk 1:30:57]} d6 {[%clk 1:28:32]} 2. d4 {[%clk 1:31:14]} g6
{[%clk 1:28:57]} 3. Nc3 {[%clk 1:30:19]} Bg7 {[%clk 1:29:23]} 4. Nf3
{[%clk 1:30:13]} a6 {[%clk 1:29:33]} 5. Be2 {[%clk 1:28:31]} b5 {[%clk 1:29:23]}
6. O-O {[%clk 1:25:21]} b4 {[%clk 1:25:13]} 7. Nd5 {[%clk 1:23:03]} Bb7
{[%clk 1:21:00]} 8. Nxb4 {[%clk 1:18:13]} Bxe4 {[%clk 1:20:52]} 9. Ng5
{[%clk 1:17:31]} Bb7 {[%clk 1:17:05]} 10. Bf3 {[%clk 1:13:45]} c6
{[%clk 1:10:31]} 11. c3 {[%clk 1:08:23]} Nf6 {[%clk 0:56:03]} 12. Qb3
{[%clk 1:01:17]} O-O {[%clk 0:55:24]} 13. Nd5 {[%clk 0:57:01]} cxd5
{[%clk 0:49:41]} 14. Qxb7 {[%clk 0:57:20]} Nbd7 {[%clk 0:49:59]} 15. Bxd5
{[%clk 0:52:42]} Rb8 {[%clk 0:49:04]} 16. Qc6 {[%clk 0:51:23]} Qa5
{[%clk 0:39:35]} 17. Bb3 {[%clk 0:45:56]} Rxb3 {[%clk 0:38:19]} 18. axb3
{[%clk 0:46:20]} Qxa1 {[%clk 0:38:36]} 19. b4 {[%clk 0:44:35]} d5
{[%clk 0:34:42]} 20. Nf3 {[%clk 0:42:44]} Qa2 {[%clk 0:33:07]} 0-1

[Event "V4 OPEN - International Championship of Slovakia 2
[Site "Banska Stiavnica"]
[Date "2013.07.08"]
[Round "3"]
[Board "10"]
[White "Dzikowski, Michal"]
[Black "Lanc, Alois"]
[Result "1-0"]
[WhiteElo "1904"]
[BlackElo "2369"]
[PlyCount "0"]
[EventDate "2013.07.06"]
[EventRounds "9"]
[EventCountry "SVK"]

1. b3 {[%clk 1:30:58]} e5 {[%clk 1:30:21]} 2. Bb2 {[%clk 1:31:20]} Nc6
{[%clk 1:28:58]} 3. e3 {[%clk 1:31:23]} d6 {[%clk 1:28:14]} 4. c4
{[%clk 1:27:10]} g6 {[%clk 1:27:10]} 5. Nf3 {[%clk 1:26:15]} Bg7 {[%clk 1:25:00]}
6. Be2 {[%clk 1:25:55]} f5 {[%clk 1:23:28]} 7. a3 {[%clk 1:22:10]} Nf6
{[%clk 1:19:09]} 8. d4 {[%clk 1:20:00]} e4 {[%clk 1:19:10]} 9. Nfd2
{[%clk 1:19:57]} O-O {[%clk 1:15:43]} 10. g3 {[%clk 1:16:23]} h5 {[%clk 1:03:26]}
11. b4 {[%clk 1:11:42]} Qe8 {[%clk 0:59:10]} 12. Nc3 {[%clk 1:10:04]} a6
{[%clk 0:58:20]} 13. h4 {[%clk 1:08:43]} Nd8 {[%clk 0:56:34]} 14. a4
{[%clk 1:05:27]} Nf7 {[%clk 0:54:58]} 15. Qb3 {[%clk 1:02:24]} Kh7
{[%clk 0:54:51]} 16. O-O-O {[%clk 0:50:49]} Nh6 {[%clk 0:51:39]} 17. Kb1
{[%clk 0:48:34]} b6 {[%clk 0:42:44]} 18. Rc1 {[%clk 0:45:50]} c5 {[%clk 0:38:15]}
19. d5 {[%clk 0:41:40]} Nhg4 {[%clk 0:33:10]} 20. Rhf1 {[%clk 0:35:54]} cxb4
{[%clk 0:31:08]} 21. Qxb4 {[%clk 0:36:14]} Qd8 {[%clk 0:29:49]} 22. Ba3
{[%clk 0:35:46]} Ne8 {[%clk 0:27:39]} 23. Bxg4 {[%clk 0:35:12]} hxg4
{[%clk 0:28:04]} 24. Ne2 {[%clk 0:34:34]} Bd7 {[%clk 0:26:00]} 25. Ka2
{[%clk 0:34:17]} b5 {[%clk 0:24:29]} 26. a5 {[%clk 0:33:57]} bxc4
{[%clk 0:24:14]} 27. Nxc4 {[%clk 0:33:51]} Bb5 {[%clk 0:22:31]} 28. Nf4
{[%clk 0:33:26]} Bxc4+ {[%clk 0:19:56]} 29. Rxc4 {[%clk 0:32:51]} Rb8
{[%clk 0:17:27]} 30. Qd2 {[%clk 0:31:21]} Nc7 {[%clk 0:17:44]} 31. Rc6
{[%clk 0:19:33]} Rf7 {[%clk 0:14:30]} 32. Rxd6 {[%clk 0:15:04]} Qe8
{[%clk 0:13:21]} 33. Rb6 {[%clk 0:14:28]} Rxb6 {[%clk 0:11:46]} 34. axb6
{[%clk 0:14:53]} Nb5 {[%clk 0:12:07]} 35. Bb2 {[%clk 0:14:16]} Nd6
{[%clk 0:05:02]} 36. Qb4 {[%clk 0:13:05]} Bxb2 {[%clk 0:04:09]} 37. Qxd6
{[%clk 0:13:05]} Bf6 {[%clk 0:03:54]} 38. Qc6 {[%clk 0:12:52]} Qe5
{[%clk 0:02:04]} 39. Rb1 {[%clk 0:13:15]} Rf8 {[%clk 0:01:23]} 40. Qc7+
{[%clk 0:12:40]} Qxc7 {[%clk 0:00:45]} 41. bxc7 {[%clk 0:13:05]} Be5
{[%clk 0:01:09]} 42. Ne6 {[%clk 0:13:29]} Rc8 {[%clk 0:01:25]} 43. Rb6
{[%clk 0:13:35]} 1-0

[Event "V4 OPEN - International Championship of Slovakia 2
[Site "Banska Stiavnica"]
[Date "2013.07.08"]
[Round "3"]
[Board "11"]
[White "Pinter, Erik"]
[Black "Chmielewski, Jakub"]
[Result "1-0"]
[WhiteElo "2364"]
[BlackElo "1880"]
[PlyCount "0"]
[EventDate "2013.07.06"]
[EventRounds "9"]
[EventCountry "SVK"]

1. e4 {[%clk 1:28:24]} c5 {[%clk 1:30:29]} 2. Nf3 {[%clk 1:28:40]} d6
{[%clk 1:30:36]} 3. c3 {[%clk 1:28:40]} Nf6 {[%clk 1:31:00]} 4. Bd3
{[%clk 1:29:01]} Nc6 {[%clk 1:31:24]} 5. Bc2 {[%clk 1:29:06]} Bg4
{[%clk 1:31:40]} 6. d3 {[%clk 1:27:15]} e6 {[%clk 1:29:35]} 7. Nbd2
{[%clk 1:27:25]} d5 {[%clk 1:28:10]} 8. h3 {[%clk 1:24:33]} Bh5 {[%clk 1:26:23]}
9. Qe2 {[%clk 1:22:33]} Be7 {[%clk 1:25:44]} 10. g4 {[%clk 1:19:38]} Bg6
{[%clk 1:25:58]} 11. Nh4 {[%clk 1:16:54]} b5 {[%clk 1:18:31]} 12. O-O
{[%clk 1:06:00]} c4 {[%clk 1:13:31]} 13. Nxg6 {[%clk 1:00:03]} hxg6
{[%clk 1:13:58]} 14. Kg2 {[%clk 1:00:24]} Qc7 {[%clk 1:05:41]} 15. f4
{[%clk 0:54:51]} O-O-O {[%clk 0:41:22]} 16. e5 {[%clk 0:45:31]} Nd7
{[%clk 0:41:06]} 17. Nf3 {[%clk 0:45:50]} Nc5 {[%clk 0:10:24]} 18. d4
{[%clk 0:38:07]} Nd7 {[%clk 0:10:46]} 19. Ng5 {[%clk 0:31:36]} Bxg5
{[%clk 0:10:01]} 20. fxg5 {[%clk 0:31:59]} Rdf8 {[%clk 0:06:51]} 21. Rf3
{[%clk 0:28:14]} b4 {[%clk 0:05:49]} 22. Qf2 {[%clk 0:28:25]} f5 {[%clk 0:04:37]}
23. gxf6 {[%clk 0:25:03]} gxf6 {[%clk 0:04:54]} 24. exf6 {[%clk 0:24:44]} e5
{[%clk 0:03:18]} 25. Bxg6 {[%clk 0:22:52]} e4 {[%clk 0:02:44]} 26. Rf5
{[%clk 0:22:40]} bxc3 {[%clk 0:01:21]} 27. bxc3 {[%clk 0:20:59]} Qa5
{[%clk 0:00:52]} 28. Bd2 {[%clk 0:20:14]} Nd8 {[%clk 0:00:44]} 29. h4
{[%clk 0:17:14]} Ne6 {[%clk 0:00:41]} 30. h5 {[%clk 0:16:26]} Qc7
{[%clk 0:00:34]} 31. g5 {[%clk 0:15:15]} Nd8 {[%clk 0:00:32]} 32. Rxd5
{[%clk 0:14:32]} Nb6 {[%clk 0:00:41]} 33. Rc5 {[%clk 0:12:12]} 1-0

[Event "V4 OPEN - International Championship of Slovakia 2
[Site "Banska Stiavnica"]
[Date "2013.07.08"]
[Round "3"]
[Board "12"]
[White "Holtman, Teodor"]
[Black "Plachetka, Jan"]
[Result "1/2-1/2"]
[WhiteElo "1725"]
[BlackElo "2355"]
[PlyCount "0"]
[EventDate "2013.07.06"]
[EventRounds "9"]
[EventCountry "SVK"]

1. e4 {[%clk 1:30:57]} e5 {[%clk 1:18:22]} 2. Nf3 {[%clk 1:30:39]} Nc6
{[%clk 1:18:43]} 3. Bc4 {[%clk 1:30:41]} Bc5 {[%clk 1:19:01]} 4. c3
{[%clk 1:30:39]} d6 {[%clk 1:19:07]} 5. O-O {[%clk 1:28:36]} Nf6 {[%clk 1:17:29]}
6. d3 {[%clk 1:22:51]} O-O {[%clk 1:16:53]} 7. h3 {[%clk 1:15:05]} a6
{[%clk 1:16:43]} 8. Bb3 {[%clk 1:14:58]} Be6 {[%clk 1:12:44]} 9. Re1
{[%clk 1:07:48]} Ba7 {[%clk 1:11:34]} 10. Bg5 {[%clk 1:05:31]} h6
{[%clk 1:07:59]} 11. Be3 {[%clk 1:03:33]} Bxe3 {[%clk 0:57:55]} 12. Rxe3
{[%clk 0:59:27]} d5 {[%clk 0:54:54]} 13. exd5 {[%clk 0:45:26]} Nxd5
{[%clk 0:54:53]} 14. Bxd5 {[%clk 0:43:59]} Qxd5 {[%clk 0:54:43]} 15. Qe2
{[%clk 0:38:21]} Rad8 {[%clk 0:52:28]} 16. Nbd2 {[%clk 0:29:50]} Qb5
{[%clk 0:47:18]} 17. Nf1 {[%clk 0:26:10]} f6 {[%clk 0:46:07]} 18. a4
{[%clk 0:21:29]} Qb3 {[%clk 0:42:37]} 19. Ra3 {[%clk 0:19:33]} Qd5
{[%clk 0:37:18]} 20. d4 {[%clk 0:19:55]} Qc4 {[%clk 0:32:11]} 21. dxe5
{[%clk 0:16:20]} Qxe2 {[%clk 0:30:02]} 22. Rxe2 {[%clk 0:16:50]} Bc4
{[%clk 0:29:30]} 23. Re1 {[%clk 0:16:44]} fxe5 {[%clk 0:27:32]} 24. b3
{[%clk 0:15:20]} Bxf1 {[%clk 0:23:34]} 25. Kxf1 {[%clk 0:15:47]} Rd3
{[%clk 0:23:43]} 26. b4 {[%clk 0:13:31]} Nxb4 {[%clk 0:13:42]} 27. Nxe5
{[%clk 0:13:35]} Rd2 {[%clk 0:09:25]} 28. cxb4 {[%clk 0:12:13]} Rfxf2+
{[%clk 0:09:47]} 29. Kg1 {[%clk 0:12:40]} Rxg2+ {[%clk 0:10:10]} 30. Kh1
{[%clk 0:12:37]} Rh2+ {[%clk 0:10:15]} 31. Kg1 {[%clk 0:13:06]} Rdg2+
{[%clk 0:10:10]} 32. Kf1 {[%clk 0:13:24]} Rb2 {[%clk 0:09:42]} 33. Kg1
{[%clk 0:12:51]} Rhg2+ {[%clk 0:09:28]} 34. Kh1 {[%clk 0:13:19]} Rh2+
{[%clk 0:06:21]} 35. Kg1 1/2-1/2

[Event "V4 OPEN - International Championship of Slovakia 2
[Site "Banska Stiavnica"]
[Date "2013.07.08"]
[Round "3"]
[Board "13"]
[White "Kocetkova, Julia"]
[Black "Durica, Andrej"]
[Result "1-0"]
[WhiteElo "2328"]
[BlackElo "1854"]
[PlyCount "0"]
[EventDate "2013.07.06"]
[EventRounds "9"]
[EventCountry "SVK"]

1. e4 {[%clk 1:30:59]} e5 {[%clk 1:27:12]} 2. Nf3 {[%clk 1:31:17]} f5
{[%clk 1:27:22]} 3. Nxe5 {[%clk 1:14:24]} Qe7 {[%clk 1:27:24]} 4. d4
{[%clk 1:10:19]} Nc6 {[%clk 1:27:32]} 5. Nxc6 {[%clk 1:08:48]} dxc6
{[%clk 1:27:54]} 6. e5 {[%clk 0:54:18]} Be6 {[%clk 1:28:11]} 7. Be2
{[%clk 0:54:44]} O-O-O {[%clk 1:28:16]} 8. O-O {[%clk 0:55:01]} c5
{[%clk 1:27:24]} 9. c3 {[%clk 0:54:13]} g5 {[%clk 1:26:53]} 10. Qa4
{[%clk 0:53:53]} Kb8 {[%clk 1:25:33]} 11. dxc5 {[%clk 0:53:43]} f4
{[%clk 1:24:08]} 12. c6 {[%clk 0:51:11]} b6 {[%clk 1:23:15]} 13. Na3
{[%clk 0:50:02]} a5 {[%clk 1:18:47]} 14. b4 {[%clk 0:49:19]} Rd5 {[%clk 1:15:34]}
15. Nb5 {[%clk 0:45:47]} Rxb5 {[%clk 1:15:29]} 16. Qxb5 {[%clk 0:44:04]} axb4
{[%clk 1:15:37]} 17. cxb4 {[%clk 0:44:00]} Qxb4 {[%clk 1:15:45]} 18. Qd3
{[%clk 0:43:44]} Qe7 {[%clk 1:12:32]} 19. a4 {[%clk 0:43:18]} Nh6
{[%clk 1:11:36]} 20. Ba3 {[%clk 0:40:31]} Qe8 {[%clk 1:11:21]} 21. Bxf8
{[%clk 0:40:03]} Rxf8 {[%clk 1:10:18]} 22. a5 {[%clk 0:40:26]} Bf5
{[%clk 1:08:15]} 23. Qb5 {[%clk 0:39:00]} 1-0